<?xml version="1.0" encoding="UTF-8"?>
<record
    xmlns:xsi="http://www.w3.org/2001/XMLSchema-instance"
    xsi:schemaLocation="http://www.loc.gov/MARC21/slim http://www.loc.gov/standards/marcxml/schema/MARC21slim.xsd"
    xmlns="http://www.loc.gov/MARC21/slim">

  <leader>01372nam a22002657a 4500</leader>
  <controlfield tag="005">20170419125646.0</controlfield>
  <controlfield tag="008">140714b        xxu||||| |||| 00| 0 Urdu d</controlfield>
  <datafield tag="010" ind1=" " ind2=" ">
    <subfield code="a">UR-215    B-548181-184   B-666000</subfield>
  </datafield>
  <datafield tag="020" ind1=" " ind2=" ">
    <subfield code="c">200.00   </subfield>
  </datafield>
  <datafield tag="035" ind1=" " ind2=" ">
    <subfield code="a">U-215    B-548181-184  B-666000</subfield>
  </datafield>
  <datafield tag="037" ind1=" " ind2=" ">
    <subfield code="b">BPPD/Publishers/Venders</subfield>
  </datafield>
  <datafield tag="037" ind1=" " ind2=" ">
    <subfield code="b">K.K.Publications(Ven.)/ Idara Kitab -ul- Shifa(Pub.)</subfield>
  </datafield>
  <datafield tag="040" ind1=" " ind2=" ">
    <subfield code="a">DPL</subfield>
    <subfield code="b">Urdu</subfield>
  </datafield>
  <datafield tag="082" ind1=" " ind2=" ">
    <subfield code="a">615.53</subfield>
  </datafield>
  <datafield tag="100" ind1=" " ind2=" ">
    <subfield code="a">&#x641;&#x636;&#x644; &#x627;&#x644;&#x631; &#x62D;&#x645;&#x646; &#x6A9;&#x627; &#x638;&#x645;&#x6CC;                                                    </subfield>
  </datafield>
  <datafield tag="245" ind1=" " ind2=" ">
    <subfield code="a">&#x645;&#x639;&#x631; &#x648; &#x636;&#x6CC; &#x633;&#x648; &#x627; &#x644;&#x627; &#x62A; &#x645;&#x639;&#x627; &#x644;&#x62C;&#x627; &#x62A;</subfield>
    <subfield code="c">&#x641;&#x636;&#x644; &#x627;&#x644;&#x631; &#x62D;&#x645;&#x646; &#x6A9;&#x627; &#x638;&#x645;&#x6CC;     </subfield>
  </datafield>
  <datafield tag="246" ind1=" " ind2=" ">
    <subfield code="a">Maroozi Sawalat Moulijat</subfield>
    <subfield code="b">by Fazalurehman Kazmi</subfield>
  </datafield>
  <datafield tag="260" ind1=" " ind2=" ">
    <subfield code="b">Idara Kitab -US-Shifa.</subfield>
    <subfield code="b">K.K.P.( Vender)</subfield>
    <subfield code="c">2010</subfield>
  </datafield>
  <datafield tag="260" ind1=" " ind2=" ">
    <subfield code="a">4806/24,Bharat Ram Road,Dariya Gunj,New Delhi-2</subfield>
  </datafield>
  <datafield tag="270" ind1=" " ind2=" ">
    <subfield code="a">2075,&#x645;&#x633;&#x62C;&#x62F; &#x645;&#x632;&#x627; &#x631; &#x648;&#x627; &#x644;&#x6CC; &#x6A9;&#x648; &#x686;&#x6C1; &#x686;&#x64A;&#x644;&#x627; &#x646;&#x60C; &#x62F; &#x631; &#x64A;&#x627; &#x6AF;&#x646;&#x62C;</subfield>
    <subfield code="b">&#x646;&#x626; &#x62F;&#x6BE;&#x644;&#x6CC;</subfield>
    <subfield code="e">110002</subfield>
    <subfield code="k">011-23283494</subfield>
  </datafield>
  <datafield tag="300" ind1=" " ind2=" ">
    <subfield code="a">272&#x635;</subfield>
    <subfield code="c">22Cm(Pb)</subfield>
  </datafield>
  <datafield tag="942" ind1=" " ind2=" ">
    <subfield code="2">ddc</subfield>
    <subfield code="c">UR</subfield>
    <subfield code="m">&#x6A9; &#x627; &#x638;</subfield>
    <subfield code="h">615.53</subfield>
  </datafield>
  <datafield tag="999" ind1=" " ind2=" ">
    <subfield code="c">87656</subfield>
    <subfield code="d">87656</subfield>
  </datafield>
  <datafield tag="952" ind1=" " ind2=" ">
    <subfield code="0">0</subfield>
    <subfield code="1">0</subfield>
    <subfield code="2">ddc</subfield>
    <subfield code="4">0</subfield>
    <subfield code="7">0</subfield>
    <subfield code="8">NFIC</subfield>
    <subfield code="a">L</subfield>
    <subfield code="b">L</subfield>
    <subfield code="d">2014-12-11</subfield>
    <subfield code="e">BPPD/UR/2014-15/1.8.14/KKP/1351/12.8.14/2.9.14</subfield>
    <subfield code="g">200.00</subfield>
    <subfield code="l">0</subfield>
    <subfield code="o">615.53 &#x6A9; &#x627; &#x638;</subfield>
    <subfield code="p">B-548181</subfield>
    <subfield code="r">2014-12-11 00:00:00</subfield>
    <subfield code="t">1</subfield>
    <subfield code="v">200.00</subfield>
    <subfield code="y">UR</subfield>
  </datafield>
  <datafield tag="952" ind1=" " ind2=" ">
    <subfield code="0">0</subfield>
    <subfield code="1">0</subfield>
    <subfield code="2">ddc</subfield>
    <subfield code="4">0</subfield>
    <subfield code="7">0</subfield>
    <subfield code="8">NFIC</subfield>
    <subfield code="a">M</subfield>
    <subfield code="b">M</subfield>
    <subfield code="d">2014-12-11</subfield>
    <subfield code="e">BPPD/UR/2014-15/1.8.14/KKP/1351/12.8.14/2.9.14</subfield>
    <subfield code="g">200.00</subfield>
    <subfield code="l">0</subfield>
    <subfield code="o">615.53 &#x6A9; &#x627; &#x638;</subfield>
    <subfield code="p">B-548182</subfield>
    <subfield code="r">2014-12-11 00:00:00</subfield>
    <subfield code="t">1</subfield>
    <subfield code="v">200.00</subfield>
    <subfield code="y">UR</subfield>
  </datafield>
  <datafield tag="952" ind1=" " ind2=" ">
    <subfield code="0">0</subfield>
    <subfield code="1">0</subfield>
    <subfield code="2">ddc</subfield>
    <subfield code="4">0</subfield>
    <subfield code="7">0</subfield>
    <subfield code="8">NFIC</subfield>
    <subfield code="a">BL1</subfield>
    <subfield code="b">BL1</subfield>
    <subfield code="d">2014-12-11</subfield>
    <subfield code="e">BPPD/UR/2014-15/1.8.14/KKP/1351/12.8.14/2.9.14</subfield>
    <subfield code="g">200.00</subfield>
    <subfield code="l">0</subfield>
    <subfield code="o">615.53 &#x6A9; &#x627; &#x638;</subfield>
    <subfield code="p">B-548183</subfield>
    <subfield code="r">2014-12-11 00:00:00</subfield>
    <subfield code="t">1</subfield>
    <subfield code="v">200.00</subfield>
    <subfield code="y">UR</subfield>
  </datafield>
  <datafield tag="952" ind1=" " ind2=" ">
    <subfield code="0">0</subfield>
    <subfield code="1">0</subfield>
    <subfield code="2">ddc</subfield>
    <subfield code="4">0</subfield>
    <subfield code="7">0</subfield>
    <subfield code="8">NFIC</subfield>
    <subfield code="a">ZLS</subfield>
    <subfield code="b">ZLS</subfield>
    <subfield code="d">2014-12-11</subfield>
    <subfield code="e">BPPD/UR/2014-15/1.8.14/KKP/1351/12.8.14/2.9.14</subfield>
    <subfield code="g">200.00</subfield>
    <subfield code="l">0</subfield>
    <subfield code="o">615.53 &#x6A9; &#x627; &#x638;</subfield>
    <subfield code="p">B-548184</subfield>
    <subfield code="r">2014-12-11 00:00:00</subfield>
    <subfield code="t">1</subfield>
    <subfield code="v">200.00</subfield>
    <subfield code="y">UR</subfield>
  </datafield>
  <datafield tag="952" ind1=" " ind2=" ">
    <subfield code="0">0</subfield>
    <subfield code="1">0</subfield>
    <subfield code="2">ddc</subfield>
    <subfield code="4">0</subfield>
    <subfield code="7">0</subfield>
    <subfield code="8">NFIC</subfield>
    <subfield code="a">AV</subfield>
    <subfield code="b">AV</subfield>
    <subfield code="d">2017-04-19</subfield>
    <subfield code="e">BPPD/UR/2014-15/AV/16-17/658/KKP/936/7.3.17/8.3.17</subfield>
    <subfield code="g">200.00</subfield>
    <subfield code="l">0</subfield>
    <subfield code="o">615.53 &#x6A9; &#x627; &#x638;</subfield>
    <subfield code="p">B-666000</subfield>
    <subfield code="r">2017-04-19 00:00:00</subfield>
    <subfield code="t">1</subfield>
    <subfield code="v">200.00</subfield>
    <subfield code="w">2017-04-19</subfield>
    <subfield code="y">UR</subfield>
  </datafield>
</record>
